000 00581nam a22002177a 4500
003 UA-OsUOA
001 123279
007 ta
008 20170612b un ||||| |||| 00| 0 ukr d
100 _aФещенко М.
090 _a908
_bФ47
942 _cSA
040 _aUA-OsUOA
_bukr
_cUA-OsUOA
_dUA-OsUOA
245 _aДень культуролога закінчився традиційним благодійним аукціоном
300 _aС. 5
955 _a0
041 _aukr
080 _a908
773 0 _w123278
650 7 _a908 Краєзнавство
_2UDC
999 _c410189
_d410189